MARC

LEADER 00000nam0a2200000 4500
001 316869
005 20231102002922.0
035 |a (RuTPU)RU\TPU\book\342337 
090 |a 316869 
100 |a 20160331d1963 k y0rusy50 ca 
101 0 |a rus 
102 |a RU 
105 |a a z 001zy 
200 1 |a Основы электроники сверхвысокочастотных приборов со скрещенными полями  |f В. С. Стальмахов 
210 |a Москва  |c Советское радио  |d 1963 
215 |a 366 с.  |c ил. 
320 |a Библиогр. в конце гл. 
606 1 |a Электроника сверхвысоких частот  |2 stltpush  |3 (RuTPU)RU\TPU\subj\20338  |9 45447 
606 1 |a Электронные приборы, сверхвысокочастотные  |2 stltpush  |3 (RuTPU)RU\TPU\subj\20500  |9 45601 
610 1 |a замедляющие системы 
610 1 |a скрещенные поля 
610 1 |a электроны 
610 1 |a движение 
610 1 |a магнитные поля 
610 1 |a электрические поля 
610 1 |a электронные приборы 
610 1 |a усилители 
610 1 |a электронно-волновые приборы 
610 1 |a магнетроны 
610 1 |a электронные пучки 
675 |a 621.385.6  |v 4 
700 1 |a Стальмахов  |b В. С. 
801 1 |a RU  |b 63413507  |c 20160331 
801 2 |a RU  |b 63413507  |c 20160406  |g RCR 
942 |c BK